"Throughput accounting" ako nástroj manažérskeho rozhodovania
Teória obmedzení (Theorie of constraints, TOC). Základné princípy Throughput accounting (prietokové účtovníctvo). Kalkulácia podľa Throughput accounting. Výkazy Throughput accounting. Výhody a obmedzenia Throughput accounting.
Uložené v:
| Hlavný autor: | |
|---|---|
| Médium: | Kapitola |
| Jazyk: | Slovak |
| Predmet: | |
| Tagy: |
Žiadne tagy, Buďte prvý, kto otaguje tento záznam!
|
MARC
| LEADER | 00000naa a2200000 4500 | ||
|---|---|---|---|
| 001 | 0166157 | ||
| 005 | 20231005092258.7 | ||
| 041 | 0 | |a slo | |
| 044 | |a SK | ||
| 245 | 1 | 0 | |a "Throughput accounting" ako nástroj manažérskeho rozhodovania |c Boris Popesko |
| 520 | |a Teória obmedzení (Theorie of constraints, TOC). Základné princípy Throughput accounting (prietokové účtovníctvo). Kalkulácia podľa Throughput accounting. Výkazy Throughput accounting. Výhody a obmedzenia Throughput accounting. | ||
| 610 | 2 | 0 | |a účtovníctvo |
| 610 | 2 | 0 | |a náklady |
| 610 | 2 | 0 | |a kalkulácia nákladov |
| 610 | 2 | 0 | |a náklady variabilné |
| 610 | 2 | 0 | |a výnosy |
| 610 | 2 | 0 | |a výroba |
| 100 | 1 | |a Popesko, Boris | |